01883nam a2200433Ia 4500001001200000003000800012006001900020007001500039008004100054010001700095020003900112020003600151020003800187020003500225040002100260035002100281050002500302100003500327245010300362260005200465300001100517490003900528504006400567533015200631650006600783650006400849650005800913650004300971650002201014651004801036651005101084651004301135651004201178655002901220710001701249830004001266856012601306999001701432ebr10275521CaPaEBRm u cr cn|||||||||080401s2009 pau sb 001 0 eng d z 2008014174 z9781592136643 (cloth : alk. paper) z1592136648 (cloth : alk. paper) z9781592136650 (pbk. : alk. paper) z1592136656 (pbk. : alk. paper) aCaPaEBRcCaPaEBR a(OCoLC)31606616714aF869.D23bV47 2009eb1 aVergara, Benito Manalo,d1970-10aPinoy capitalh[electronic resource] :bthe Filipino nation in Daly City /cBenito M. Vergara, Jr. aPhiladelphia :bTemple University Press,c2009. a220 p.1 aAsian American history and culture aIncludes bibliographical references (p. 207-214) and index. aElectronic reproduction.bPalo Alto, Calif. :cebrary,d2011.nAvailable via World Wide Web.nAccess may be limited to ebrary affiliated libraries. 0aFilipino AmericanszCaliforniazDaly CityxSocial conditions. 0aFilipino AmericanszCaliforniazDaly CityxEthnic identity. 0aImmigrantszCaliforniazDaly CityxSocial conditions. 0aCommunity lifezCaliforniazDaly City. 0aTransnationalism. 0aDaly City (Calif.)xRelationszPhilippines. 0aPhilippinesxRelationszCaliforniazDaly City. 0aDaly City (Calif.)xSocial conditions. 0aDaly City (Calif.)xEthnic relations. 7aElectronic books.2local2 aebrary, Inc. 0aAsian American history and culture.40uhttp://site.ebrary.com/lib/rucke/Doc?id=10275521zAn electronic book accessible through the World Wide Web; click to view c20820d20820